| 000 | 01726nam a2200385 i 4500 | ||
|---|---|---|---|
| 003 | CO-ViMGA | ||
| 005 | 20230915224423.0 | ||
| 008 | 201030s2020 ck ||e|||||s00| ddspa d | ||
| 020 | _a9789585144095 | ||
| 040 |
_aCO-ViMGA _bspa _cCO-ViMGA |
||
| 043 | _as-ck--- | ||
| 084 | _aT ZAP2 | ||
| 100 | 1 |
_aZapata Olivella, Manuel _d1920-2004 _eautor _922981 |
|
| 245 | 1 | 4 |
_aLos pasos del indio _bteatro (1958) _cManuel Zapata Olivella |
| 250 | _aSegunda edicion | ||
| 300 |
_a85 paginas _c24 cm |
||
| 490 | 0 | _aAño Manuel Zapata Olivella. Ministerio de Cultura | |
| 500 | _aEdicion coeditada por las siguientes instituciones colombianas: Ministerio de Cultura, Instituto Caro y Cuervo, Biblioteca Nacional de Colombia, Universidad del Valle, Universidad de Cartagena, Universidad de Cordoba, Universidad Tecnologica de Pereira | ||
| 500 | _aIncluye analisis de la obra al final del texto | ||
| 600 | 1 | 4 |
_aZapata Olivella, Manuel _d1920-2004 _xCritica e interpretacion _9170420 |
| 650 | 1 | 7 |
_2LEMB _aAutores colombianos _ySiglo XX _93714 |
| 650 | 1 | 7 |
_2LEMB _aCulturas indigenas _vTeatro _9154227 |
| 650 | 1 | 7 |
_2LEMB _aLiteratura colombiana _ySiglo XX _9170421 |
| 650 | 1 | 7 |
_2LEMB _aTeatro colombiano _ySiglo XX _922551 |
| 650 | 1 | 7 |
_2LEMB _aVida cotidiana _vTeatro _913073 |
| 650 | 1 | 7 |
_2LEMB _aWayuu (Indigenas) _xVida social y costumbres _vTeatro _9154228 |
| 710 | 1 | 2 |
_aColombia _bMinisterio de Cultura _9170422 |
| 710 | 2 |
_aBiblioteca Nacional de Colombia _9170423 |
|
| 710 | 2 |
_aInsituto Caro y Cuervo _9152383 |
|
| 710 | 2 |
_aUniversidad de Córdoba _9152387 |
|
| 710 | 2 |
_aUniversidad de Cartagena _9152386 |
|
| 710 | 2 |
_aUniversidad del Valle _9152385 |
|
| 710 | 2 |
_aUniversidad Tecnológica de Pereira _9152388 |
|
| 942 |
_2ddc _cBK |
||
| 999 |
_c9608 _d9608 |
||